Statistiques concernant Gares du Calvados

Cliquez ici pour prendre le quiz!

Statistiques générales

  • Ce quiz a été pris 71 fois
    (63 depuis la dernière actualisation)
  • Le résultat moyen est 10 sur 20

Statistiques - réponses

Nombre de voyageursGares% Correct
2 835 925Caen
98%
1 070 435Lisieux
89%
489 769Bayeux
84%
666 054Trouville - Deauville
82%
273 594Mézidon Canon
69%
20 593Dives - Cabourg
67%
71 071Vire
62%
94 065Pont l'Evêque
53%
12 321Houlgate
42%
190 364Lison
42%
37 490Saint Pierre sur Dives
40%
19 515Bretteville - Norrey
38%
19 002Le Molay Littry
38%
14 323Audrieu
36%
15 018Frénouville - Cagny
36%
52 825Moult Argences
33%
5 775Villers sur Mer
33%
1 828Dives sur Mer - Port Guillaume
27%
27 263Le Grand Jardin
22%
1 927Blonville sur Mer - Benerville
18%

Distribution des résultats

Percentile par nombre de réponses

% des personnes avec chaque résultat

Votre développement - résultats

Vous n’avez pas pris ce quiz depuis la dernière actualisation